the wall pink floyd - Statistics

General Stats
  • This quiz has been taken 20 times
  • The average score is 20 of 26
Answer Stats
number Answer runtime % Correct
3 Another Brick In The Wall, part 1 3.41
94%
6 Mother 5.32
94%
5 Another Brick In The Wall, part 2 3.56
89%
12 Another Brick In The Wall, part 3 1.17
89%
19 Comfortably Numb 6.49
89%
14 Hey You 4.39
89%
17 Vera 1.38
89%
1 In The Flesh? 3.17
83%
21 In The Flesh 4.16
83%
2 The Thin Ice 2.28
83%
25 The Trial 5.16
83%
7 Goodbye Blue Sky 2.48
78%
26 Outside the Wall 1.42
78%
9 Young Lust 2.03
78%
11 Don't Leave me now 4.22
72%
15 Is There Anybody Out There? 2.40
72%
22 Run Like Hell 4.22
72%
18 Bring the Boys Back Home 0.50
67%
16 Nobody Home 3.25
67%
10 One Of My Turns 1.33
67%
4 The Happiest Days of our lives 1.20
67%
23 Waiting For The Worms 3.56
67%
8 Empty Spaces 5.36
61%
24 Stop 0.34
61%
13 Goodbye Cruel World 1.05
56%
20 The Show Must Go On 1.36
56%
No matching quizzes found
Score Distribution
Percent of People with Each Score
Percentile by Number Answered
Your Score History
You have not taken this quiz